ਸਿਖਾਂ ਦੀ ਪਿਰਰ / (Record no. 109794)

MARC details
000 -LEADER
fixed length control field 00954nam a22002537a 4500
005 - DATE AND TIME OF LATEST TRANSACTION
control field 20170123164143.0
010 ## - LIBRARY OF CONGRESS CONTROL NUMBER
LC control number B-124684
020 ## - INTERNATIONAL STANDARD BOOK NUMBER
Terms of availability 140.00
International Standard Book Number 8173291438
035 ## - SYSTEM CONTROL NUMBER
System control number B-124684
037 ## - SOURCE OF ACQUISITION
Source of stock number/acquisition Cen Lib / Ret
040 ## - CATALOGING SOURCE
Original cataloging agency DPL
Language of cataloging PN
082 ## - DEWEY DECIMAL CLASSIFICATION NUMBER
Classification number 954.12
Item number ਜੋਹਰ
100 ## - MAIN ENTRY--PERSONAL NAME
Personal name ਜੋਹਰ, ਸੁਰੇੰਦਰ ਸਿੰਘ
9 (RLIN) 6443
245 ## - TITLE STATEMENT
Title ਸਿਖਾਂ ਦੀ ਪਿਰਰ /
Statement of responsibility, etc ਸੁਰੇੰਦਰ ਸਿੰਘ ਜੋਹਰ
246 ## - VARYING FORM OF TITLE
Title proper/short title Sikhan di pir /
Remainder of title by Surinder Singh Johar
260 ## - PUBLICATION, DISTRIBUTION, ETC. (IMPRINT)
Place of publication, distribution, etc ਦਿੱਲੀ
Name of publisher, distributor, etc ਸਿਲਾਲੇਖ
Date of publication, distribution, etc 2004
270 ## - ADDRESS
Address ਸੁਭਾਸ਼ ਗਾਲੀ ਵਿਸ਼ਵਾਸ ਨਗਰ ਸ਼ਹਾਦਰ
City ਦਿੱਲੀ
Postal code 110051
300 ## - PHYSICAL DESCRIPTION
Extent 120p.
Other physical details 24cm(Hb)
650 ## - SUBJECT ADDED ENTRY--TOPICAL TERM
Topical term or geographic name as entry element ਸਿਆਸੀ
9 (RLIN) 118890
650 ## - SUBJECT ADDED ENTRY--TOPICAL TERM
Topical term or geographic name as entry element ਇਤਿਹਾਸ (1947-2007)
9 (RLIN) 15828
650 ## - SUBJECT ADDED ENTRY--TOPICAL TERM
Topical term or geographic name as entry element Politics
9 (RLIN) 6612
650 ## - SUBJECT ADDED ENTRY--TOPICAL TERM
Topical term or geographic name as entry element History(1947-2007)
9 (RLIN) 118891
942 ## - ADDED ENTRY ELEMENTS (KOHA)
Source of classification or shelving scheme Dewey Decimal Classification
Koha item type Punjabi Bks
Classification part 954.12
Call number suffix ਜੋਹਰ
Holdings
Withdrawn status Lost status Damaged status Not for loan Home library Current library Date acquired Source of acquisition Cost, normal purchase price Total Checkouts Full call number Barcode Date last seen Copy number Cost, replacement price Price effective from Koha item type
        Central Library Central Library 06/01/2016 Cen Lib/Ret 140.00   954.12 ਜੋਹਰ B-124684 06/01/2016 1 140.00 06/01/2016 Punjabi Bks

© Delhi Public Library
Hit Counter
free hit counter